000 00401pab a2200157 454500
008 180718b xxu||||| |||| 00| 0 eng d
100 _aSahay, B.N.
245 _aChakriya Vikas Pranali - a unique drought-proofing!
650 _a Drought-Proofing
650 _a Drought
650 _a Chakriya Vikas Pranali
650 _a Agriculture
650 _aIrrigation
773 _aKurukshetra
909 _a3106
999 _c3106
_d3106